000 nam a22 7a 4500
999 _c7474
_d7474
008 170911b xxu||||| |||| 00| 0 eng d
100 _93998
_aSharma.K.G.
245 _aSocial Science
260 _aNew Delhi
_c2015